Statistics for Nazi-lederne i Tyskland (Bilder)

Click here to take the quiz!

General Stats

  • This quiz has been taken 162 times
  • The average score is 5 of 20

Answer Stats

Answer% Correct
Adolf Hitler
98%
Heinrich Himmler
68%
Hermann Göring
45%
Joseph Goebbels
42%
Josef Mengele
34%
Albert Speer
27%
Rudolf Hess
26%
Adolf Eichmann
23%
Karl Dönitz
21%
Martin Bormann
19%
Joachim von Ribbentrop
16%
Rudolf Höss
16%
Alfred Jodl
15%
Wilhelm Keitel
15%
Arthur Seyss-Inquart
10%
Hans Frank
10%
Reinhard Heydrich
10%
Ernst Kaltenbrunner
8%
Alfred Rosenberg
6%
Baldur von Schirach
5%

Score Distribution

Percentile by Number Answered

Percent of People with Each Score

Your Score History

You have not taken this quiz